000 00950nas a2200301 4500
001 BR2014004615
003 BR-BrBNA
005 20231205124309.0
007 ta
008 230509b bl.|||p| |||| 00| 00por d
040 _aBR-BrBNA
_bpor
_cBiblioteca Nacional de Agricultura
041 _a(En)
072 _aP33
100 1 _aBatista, M.A.
100 1 _aCosta, A.C.S. da
100 1 _aBigham, J.M.
100 1 _aPaesano Junior, A.
100 1 _aBerndt, G.
100 1 _aInoue, T.T.
100 1 _aNonaka, A.G.
245 1 _aStructural and magnetic characterization of maghemites prepared from al-substituted magnetites
650 _aANÁLISE QUÍMICA
650 _aSOLO
773 0 _tRevista Brasileira de Ciência do Solo (Brazil)
_xISSN 0100-0683
_g(Nov-Dec 2013), v. 37(6) p. 1569-1575
_wBR2014004615
856 4 0 _uhttp://www.scielo.br/pdf/rbcs/v37n6/13.pdf
909 _a202311
_bLúcia
_c55
_dLúcia Elande
942 _2AGRIS
_n0
_cANA
999 _c238336
_d238336